| 000 | 00622nam a22001817a 4500 | ||
|---|---|---|---|
| 005 | 20251108174602.0 | ||
| 008 | 250721s2008 xx 000 0 ara d | ||
| 082 | 1 | 4 | _a425/فري |
| 100 | 1 |
_aفريد، ذيب _eمؤلف |
|
| 245 | 1 | 0 | _aالفريد في اللغة الإنجليزية : شرح مبسط لقواعد اللغة الإنجليزية / |
| 246 | 1 | 1 | _aenglish grammar for all |
| 264 | 1 |
_aعمان : _bدار البيروني للنشر و التوزيع، _c2008. |
|
| 300 | _a132 ص. | ||
| 650 | 1 | 7 | _aاللغه الانجليزيه |
| 650 | 1 | 7 | _aالقواعد |
| 942 |
_2ddc _cBK |
||
| 999 |
_c112887 _d112887 |
||